• 首页
  • 本馆介绍
  • 公告通知
  • 最新文献
  • 馆藏检索
  • 电子资源
  • 读者导购
  • 参考咨询
  • 我的图书馆
  • 登录
  • 详细信息显示
  • 放入我的书架
  • 预约/预借图书
  • 作者相关作品
  • 分类相关作品
  • 丛书相关作品
  • 出版社相关作品

书目信息

  • 表格格式
  • 工作单格式
  • 卡片格式
题名:
鲁迅先生与未名社
    
 
作者: 李霁野 著
分册:  
出版信息: 北京   人民文学出版社  1984
页数: 270页
开本: 19cm
丛书名:
单 册:
中图分类: K825.6 , I210.96
科图分类:
主题词: 文学--作品集--中国
电子资源:
ISBN:
000 00700nam0 2200265 45
001 0184008536
005 20040413171639.6
010    @dCNY1.35
091    @a10019.3684
100    @a19950504d1984 em y0chiy0121 ea
101 0  @achi
102    @aCN@b110000
105    @af z 000zb
106    @ar
200 10 @a鲁迅先生与未名社@Alu xun xian sheng yu wei ming she@f李霁野著
210    @a北京@c人民文学出版社@d1984
215    @a270页@c照片@d19cm
600  0 @a鲁迅@x生平事迹
606 0  @a文学@x作品集@x中国
690    @aK825.6@v3
690    @aI210.96
701  0 @a李霁野@Ali ji ye@4著
801  0 @aCN@b上海图书馆@c20040413
801  2 @aCN@bNLC@c20040413
905    @f1@b171720@dI210.96@e126
    
    鲁迅先生与未名社/李霁野著.-北京:人民文学出版社,1984
    270页:照片;19cm
    
    
    ISBN :CNY1.35
    
●
相关链接 在E读中查询图书 在五车中查询图书 在当当中查询图书 在豆瓣中查询图书


正题名:鲁迅先生与未名社     索取号:I210.96/126         预约/预借

序号 登录号 条形码 馆藏地/架位号 状态 备注
1 0171720   001405143   第二借阅区/ [索取号:I210.96/126] 在馆    
2 0171721   001405152   第一样本阅览室/ [索取号:I210.96/126] 在馆    
唐山师范学院图书馆 欢迎您!
大连网信软件有限公司© 版权所有